00512nam a2200145Ia 4500008004100000020001800041050002000059100003500079245002700114250001300141260003400154300001500188505009900203650006400302120626s9999 xx 000 0 und d a968-23-1613-8 aF1235bP39 1973 aPaz, Octaviod1914-1998eautor aPosdatac/ Octavio Paz a8va. ed. aMéxicob: Siglo XXIc, 1973 a155 pág. aI. Olimpiada y Tlatelolco II. El desarrollo y otros espejismos III. Crítica de la pirámide a1.Mexico - Historia (1946), Discursos, ensayos, etc.ÌÌ